Rosabeth Moss Kanter on the frontiers of management
Saved in:
| Main Author: | |
|---|---|
| Format: | Book |
| Language: | English |
| Published: |
Boston, Mass. :
Harvard Business School Press,
c2003
|
| Series: | Harvard business review book series
|
| Subjects: | |
| Tags: |
Add Tag
No Tags, Be the first to tag this record!
|
MARC
| LEADER | 00000cam a2200000 i 4500 | ||
|---|---|---|---|
| 001 | 1/40577 | ||
| 008 | 140123s2003 eng d | ||
| 020 | |a 1-59139-323-X (pbk) | ||
| 035 | |l 10116412 | ||
| 040 | |a GR-MY-UA |b gre |e aacr | ||
| 041 | 0 | |a eng | |
| 082 | 0 | |a 658.406 |2 (22) | |
| 100 | 1 | |a Kanter, Rosabeth Moss. | |
| 245 | 1 | 0 | |a Rosabeth Moss Kanter on the frontiers of management / |c Rosabeth Moss Kanter |
| 260 | |a Boston, Mass. : |b Harvard Business School Press, |c c2003 | ||
| 300 | |a xiii, 306 σ.; |c 24 εκ. | ||
| 490 | 1 | |a The Harvard business review book series | |
| 504 | |a Περιλαμβάνει ευρετήριο | ||
| 650 | 0 | 0 | |a Organizational change. |
| 650 | 0 | 0 | |a Industrial management. |
| 830 | 0 | |a Harvard business review book series | |
| 852 | |a INST |b SYROS |e 20140123 |h 658.406 KAN |p 005500011277 |q 005500011277 |t BK |y 0 | ||
| 901 | |a BIBL5-2014-1 | ||
| 909 | |a Ε |b 174716 | ||
| 970 | |a ΚΟΝΤΟΥ |b ΠΑΡΑΣΚΕΥΗ |z 2014/01/23 | ||